| 000 | 00503 a2200181 4500 | ||
|---|---|---|---|
| 003 | OSt | ||
| 005 | 20231214160358.0 | ||
| 008 | 231214b |||||||| |||| 00| 0 eng d | ||
| 020 | _a9789393969262 | ||
| 040 | _coclc | ||
| 082 |
_a894.8128 _bVIJ/M |
||
| 100 |
_aVijayan, M N _96720 |
||
| 245 |
_aMN Vijayante Lokangal / _cM.N. Vijayan |
||
| 250 | _a3rd ed. | ||
| 260 |
_aKozhikode: _bAtma Books, _c2022. |
||
| 300 | _a506p. | ||
| 942 |
_2ddc _cBK _h894.8128 _iVIJ/M _k894.8128 _mVIJ/M |
||
| 999 |
_c44124 _d44124 |
||